[Event "SEMI Rubinstein var theme-A corr"]
[Site "SEMI email"]
[Date "2000.??.??"]
[Round "?"]
[White "Quimby, Chris"]
[Black "Marcotulli, Giancarlo"]
[Result "0-1"]
[WhiteElo "2400"]
[BlackElo "1623"]
[PlyCount "52"]
[EventDate "2000.03.01"]
[EventType "tourn (corr)"]
[EventRounds "6"]
[EventCountry "ITA"]
[SourceTitle "Corr 2008"]
[Source "ChessBase"]
[SourceDate "2008.06.24"]
[SourceVersion "1"]
[SourceVersionDate "2008.06.24"]
[SourceQuality "1"]

1. e4 c5 2. Nf3 Nf6 3. e5 Nd5 4. Nc3 Nxc3 5. dxc3 Nc6 6. Bc4 e6 7. Bf4 Qb6 8. Rb1 Be7 9. Bd3 Qa5 10. Qe2 Qa4 11. Bd2 d5 12. exd6 Bxd6 13. Ng5 Be7 14. 0-0 Qxa2 15. Ne4 Qd5 16. Bf4 e5 17. Bc4 Qd7 18. Be3 b6 19. Rbd1 Qg4 20. Nd6+ Bxd6 21. Rxd6 Qxe2 22. Bxe2 Bb7 23. Bb5 Rc8 24. Rfd1 a6 25. Be2 Rd8 26. Bxa6 Rxd6 0-1

[Event "USA-ch13 prel 10 corr"]
[Site "USA"]
[Date "1996.06.24"]
[Round "?"]
[White "Knudsen, John C"]
[Black "Quimby, Chris"]
[Result "1/2-1/2"]
[WhiteElo "2035"]
[BlackElo "2440"]
[PlyCount "40"]
[EventDate "1996.??.??"]
[EventType "tourn (corr)"]
[EventRounds "14"]
[EventCountry "USA"]
[SourceTitle "Corr 2006"]
[Source "ChessBase"]
[SourceDate "2006.04.01"]
[SourceVersion "3"]
[SourceVersionDate "2006.04.01"]
[SourceQuality "1"]

1. e4 c5 2. Nc3 Nc6 3. g3 g6 4. Bg2 Bg7 5. Nge2 e6 6. d3 Nge7 7. 0-0 0-0 8. Be3 d6 9. f4 Rb8 10. Qd2 Re8 11. Nd1 b6 12. c3 d5 13. e5 Ba6 14. Bf2 Nf5 15. Ne3 Nh6 16. Rad1 Qd7 17. Rfe1 Ne7 18. h3 Nhf5 19. Nxf5 Nxf5 20. g4 Ne7 1/2-1/2